Hypotekárna kríza a jej vplyv na svetové trhy bakalárska práca

Saved in:
Bibliographic Details
Main Author: Malec, Juraj
Corporate Author: Fakulta podnikového manažmentu EU. Katedra podnikových financií
Other Authors: Jánošová, Veronika, 1953-
Format: Book
Language:Slovak
Published: Bratislava 2010
Tags: Add Tag
No Tags, Be the first to tag this record!

MARC

LEADER 00000nbm a2200000 4500
001 0133413
005 20161109111525.3
041 0 |a slo 
044 |a SK 
245 1 0 |a Hypotekárna kríza a jej vplyv na svetové trhy  |b bakalárska práca  |c Juraj Malec ; školiteľ: Veronika Jánošová 
264 1 |a Bratislava  |c 2010 
300 |a 44 s. 
100 1 |a Malec, Juraj 
700 1 |a Jánošová, Veronika, 1953- 
710 2 |a Fakulta podnikového manažmentu EU. Katedra podnikových financií